000 00561nam a2200181 i 4500
001 142320
003 ES-MaACL
005 20230906200508.0
007 t|
008 071004m19321936sp ||||1| spa d
080 _a616-07(075.8)
100 1 _aVila Barberá, Ramón.
_9114711
245 1 0 _aMedicina exploratoria
_b: (clínica y laboratorio) /
_cpor el Dr. Vila Barberá.
260 _aValencia :
_b[s.n.],
_c1932-1936 (
_fImp. José Olmos)
300 _a3 v. ;
_c22 cm.
650 4 _aExploración clínica.
_9144732
852 _aES-MaACL
_jE-476-8
_bR.18782
999 _c142320
_d142320